书目信息 |
| 题名: |
激光与生物组织的相互作用原理及应用
|
|
| 作者: | 尼姆兹, , Niemz, 著 ;张镇西 译 | |
| 分册: | ||
| 出版信息: | 北京 科学出版社 2005 |
|
| 页数: | 19,282页 | |
| 开本: | 24cm | |
| 丛书名: | ||
| 单 册: | ||
| 中图分类: | R312 | |
| 科图分类: | ||
| 主题词: | 激光应用--ji guang ying yong--医学 , 医学--yi xue | |
| 电子资源: | ||
| ISBN: | 7-03-014796-0 | |
| 000 | 01222cam0 2200289 450 | |
| 001 | 012006098600 | |
| 005 | 20060329101010.1 | |
| 010 | @a7-03-014796-0@dCNY48.00 | |
| 100 | @a20050716d2005 em y0chiy0121 ea | |
| 101 | 1 | @achi@cger |
| 102 | @aCN@b110000 | |
| 105 | @aa z 001yy | |
| 200 | 1 | @a激光与生物组织的相互作用原理及应用@Aji guang yu sheng wu zu zhi de xiang hu zuo yong yuan li ji ying yong@f(德)M. H. 尼姆兹[Markolf H. Niemz]著@g张镇西等译 |
| 210 | @a北京@c科学出版社@d2005 | |
| 215 | @a19,282页@c照片@d24cm | |
| 305 | @a据原书第3版译出 | |
| 330 | @a本书系统地描述了激光与生物组织的相互作用原理及在相关领域的应用,总结了激光在现代医学中应用于眼科、牙科、妇科、泌尿科、神经外科、心血管成形术及心脏病学、皮肤病学、矫形学、耳鼻喉及肺科领域中多种诊断和治疗方法。 | |
| 510 | 1 | @aLaser - tissue interactions fundamentals and applications@zeng |
| 606 | 0 | @a激光应用@Aji guang ying yong@x医学 |
| 606 | 0 | @a医学@Ayi xue |
| 690 | @aR312@v4 | |
| 701 | 1 | @c(德)@a尼姆兹,@Ani mu zi@bM. H.@g(Niemz, Markolf H.)@4著 |
| 701 | 1 | @c(德)@aNiemz,@bM. H.@g(Niemz, Markolf H.)@4著 |
| 702 | 0 | @a张镇西@Azhang zhen xi@4译 |
| 801 | 0 | @aCN@bSRXX@c20060206 |
| 801 | 2 | @aCN@bSRXX@c20060329 |
| 905 | @a10447@dR312@eN450 | |
| 激光与生物组织的相互作用原理及应用/(德)M. H. 尼姆兹[Markolf H. Niemz]著/张镇西等译.-北京:科学出版社,2005 |
| 19,282页:照片;24cm |
| ISBN 7-03-014796-0:CNY48.00 |
| 本书系统地描述了激光与生物组织的相互作用原理及在相关领域的应用,总结了激光在现代医学中应用于眼科、牙科、妇科、泌尿科、神经外科、心血管成形术及心脏病学、皮肤病学、矫形学、耳鼻喉及肺科领域中多种诊断和治疗方法。 |
| ● |
| 相关链接 |
|
|
|
正题名:激光与生物组织的相互作用原理及应用
索取号:R312/N450
 
预约/预借
| 序号 | 登录号 | 条形码 | 馆藏地/架位号 | 状态 | 备注 |
| 1 | 548855 | 205488550 | 自科库401/401自科库 13排3列2层/ [索取号:R312/N450] | 在馆 | |
| 2 | 548856 | 205488569 | 自科库401/401自科库 13排3列2层/ [索取号:R312/N450] | 在馆 |